| 000 | 01338cam a22004333a 4500 | ||
|---|---|---|---|
| 001 | 13809210 | ||
| 003 | OSt | ||
| 005 | 20140310184417.0 | ||
| 008 | 040817s2004 nyua j 000 1 eng d | ||
| 010 | _a 2004719400 | ||
| 020 | _a0439633745 | ||
| 024 | 3 | 1 | _a9780439633741 (EAN) |
| 035 | _a(OCoLC)ocm56211041 | ||
| 040 |
_aSDE _cSDE _dXY4 _dDLC |
||
| 042 | _alccopycat | ||
| 050 | 0 | 0 |
_aPZ 7 _b.R686d2 2004 |
| 100 | 1 |
_aRodda, Emily. _920594 |
|
| 245 | 1 | 0 |
_aShadowgate / _cEmily Rodda. |
| 250 | _a1st American ed. | ||
| 260 |
_aNew York : _bScholastic Inc., _c2004. |
||
| 300 |
_a195 p. : _bill. ; _c19 cm. |
||
| 490 | 0 |
_aDragons of Deltora ; _v2 |
|
| 521 | 0 | _aG6 | |
| 526 | _c670 | ||
| 650 | 0 |
_aDragons _vJuvenile fiction. _926482 |
|
| 650 | 0 |
_aDragons _vFiction. _926483 |
|
| 650 | 0 | _aScience fiction. | |
| 650 | 0 |
_aFantasy. _93293 |
|
| 650 | 0 |
_aMagic _vFiction. _926484 |
|
| 655 | 7 |
_aChildren's stories. _2lcsh _93012 |
|
| 655 | 7 |
_aFantasy fiction. _2gsafd _93053 |
|
| 710 | 2 |
_aCopyright Paperback Collection (Library of Congress) _5DLC _9705 |
|
| 856 | 4 | 2 |
_3Publisher description _uhttp://www.loc.gov/catdir/enhancements/fy1115/2004719400-d.html |
| 906 |
_a7 _bcbc _ccopycat _d2 _encip _f20 _gy-genrareb |
||
| 942 |
_2lcc _cBK-SCHOLAS |
||
| 999 |
_c34177 _d34177 |
||